000 01228nam a22003377a 4500
003 DO-SdBPM
005 20250903091035.0
007 ta
008 161031b1996 xx a 00| 0 spa d
020 _a0673769682
040 _aDO-SdBPM
_bspa
_cBPMSU
_erda
082 4 _a813.5
_bS544p 1996
_222
100 1 _aShelf Medearis, Angela
_d1956-
_eautor
245 1 0 _aPablo y Pedro /
_cAngela Shelf Medearis ; ilustrado Pat Cummings ; adaptación Vivian Cuesta ; traducción Olivia Ruiz, Patricia Almada, Lourdes Davis Machado, Roni Capin Rivera Ashford.
260 _b
264 _aEstados Unidos :
_bCelebration Press,
_c1996.
300 _a16 páginas :
_bilustraciones ;
_c18 cm.
336 _atexto
_btxt
_2rdacontent
337 _asin mediación
_bn
_2rdamedia
338 _avolumen
_bnc
_2rdacarrier
490 0 _aPequeñitas celebraciones
590 _aInvetariados, 2025/VM
650 7 _aCuentos infantiles estadounidenses
650 7 _aAnimales
_vCuentos infantiles
650 7 _aLibros ilustrados para niños
700 1 _aCummings, Pat
_eilustración
700 1 _aCuesta, Vivian
_eAdaptación
700 1 _aRuiz, Olivia
_etraductora
910 _aVMateo V. Control de calidad. BPMSU
942 _2ddc
_cBK
999 _c12754
_d12754